00362nam a2200133Ia 4500003000400000008004100004040001600045082001300061100001800074245006000092260004500152300000800197650002300205GCL140319s9999 xx 000 0 eng d aGCL / cGCL04a862bD E1 aDEOTERO BALAS10aEXPRESION YREUNION AMODO DE ANTOLOGIA / cDEOTERO BALAS a[S.N] : bEL LIBRO DE BOLSILLO ، c1985 a28004aSPANISH LITERATURE